ბათუმის შოთა რუსთაველის სახელმწიფო უნივერსიტეტის ბიბლიოთეკა

ლექსები და პოემები. წიგნი პირველი: 1924-1933 (ბიბ.ჩანაწერი № 48548)

000 -LEADER
fixed length control field 00758nam a2200205Ia 4500
001 - CONTROL NUMBER
control field 15445
003 - CONTROL NUMBER IDENTIFIER
control field GE_BSU
008 - FIXED-LENGTH DATA ELEMENTS--GENERAL INFORMATION
fixed length control field 181216s||||||||xx |||||||||||||| ||und||
040 ## - CATALOGING SOURCE
Transcribing agency GE_BSU
080 ## - UNIVERSAL DECIMAL CLASSIFICATION NUMBER
Universal Decimal Classification number 821.353.1-1+821.353.1-11
100 ## - MAIN ENTRY--PERSONAL NAME
Personal name ჩიქოვანი,სიმონ
245 ## - TITLE STATEMENT
Title ლექსები და პოემები. წიგნი პირველი: 1924-1933
245 ## - TITLE STATEMENT
Statement of responsibility, etc. რედ.ბორის ჩხეიძე. მხატვ.ნ.ჩერნიშკოვი
260 ## - PUBLICATION, DISTRIBUTION, ETC.
Place of publication, distribution, etc. ტფილისი
260 ## - PUBLICATION, DISTRIBUTION, ETC.
Name of publisher, distributor, etc. სახელგამი
260 ## - PUBLICATION, DISTRIBUTION, ETC.
Date of publication, distribution, etc. 1933
300 ## - PHYSICAL DESCRIPTION
Extent 339გვ.პორტრ.და ფაქს.18სმ.
653 ## - INDEX TERM--UNCONTROLLED
Uncontrolled term ლექსები და პოემები.
942 ## - ADDED ENTRY ELEMENTS (KOHA)
Koha item type წიგნი
ეგზემპლარები
Withdrawn status Lost status Damaged status Not for loan Date acquired Barcode Date last seen Price effective from Koha item type
        2018-12-17 38559 2018-12-17 2018-12-17 წიგნი
        2018-12-17 38560 2018-12-17 2018-12-17 წიგნი
        2018-12-17 38561 2018-12-17 2018-12-17 წიგნი
        2018-12-17 38562 2018-12-17 2018-12-17 წიგნი
        2018-12-17 38563 2018-12-17 2018-12-17 წიგნი
        2018-12-17 38564 2018-12-17 2018-12-17 წიგნი
        2018-12-17 38565 2018-12-17 2018-12-17 წიგნი
        2018-12-17 38566 2018-12-17 2018-12-17 წიგნი
        2018-12-17 38567 2018-12-17 2018-12-17 წიგნი
        2018-12-17 38568 2018-12-17 2018-12-17 წიგნი